| 000 | 00392nam a2200169Ia 4500 | ||
|---|---|---|---|
| 008 | 230524s9999 xx 000 0 und d | ||
| 020 | _a8129702762 | ||
| 082 | _bDEI | ||
| 100 | _aH.M.Deitel | ||
| 245 | 0 | _aC++ How to Programme(with CD) | |
| 250 | _a4TH | ||
| 260 |
_aNEW DELHI _bPearson _c2004 |
||
| 300 | _aLIX;1340 | ||
| 500 | _aQuantity Number: 5 | ||
| 650 | _aComp-Sc | ||
| 942 | _cBK | ||
| 999 |
_c4833 _d4833 |
||